| 000 | 01461nam a2200301 a 4500 | ||
|---|---|---|---|
| 999 |
_c381811 _d381811 |
||
| 003 | BLK | ||
| 005 | 20240313155318.0 | ||
| 008 | 200812b bul|||||r ||||||| ||bul|| | ||
| 020 | _a9786190106043 | ||
| 040 | _aBLK | ||
| 041 |
_aBUL _cBUL |
||
| 080 |
_aБългарска литература _b821.163.2 _x-32 _z821.163.2-32 |
||
| 100 | 1 |
_aКалудов, Любомир Петков _d1953- _gЛекар-хирург, писател и поет. Фотограф. Автор на археоложки проучвания. _975457 |
|
| 139 |
_aКалудов, Любомир _bК 18 |
||
| 245 | 1 | 0 |
_aГолемите и малките реки _bИстории от едно изчезнало село _cЛюбомир Калудов. |
| 257 | _aBGR | ||
| 260 |
_aСофия _bИзток-Запад _c2020 _9210881 |
||
| 300 |
_a128 с. _c20 см |
||
| 380 | _aX | ||
| 500 | _aСтари и диалектни думи в книгата: с. 123-126. - Биогр. данни за авт. отбелязани на гърба на кор. | ||
| 600 | 1 | 4 |
_aКалудов, Любомир Петков _d1953- _gЛекар-хирург, писател и поет. Фотограф. Автор на археоложки проучвания. _975457 |
| 852 |
_aЦб 305816 _bЦб |
||
| 942 |
_cKNG _n0 _s1 _09 |
||
| 944 |
_aCR _c2020-08-12 _k30560 _lГеновева Генчева |
||
| 944 |
_aED _c2021-02-24 _kСТ |
||
| 999 | _d381811 | ||
| 999 | _d381811 | ||